Концерт кохання в романі Ернеста Хемінгуея "Прощавай, зброє" (Запис № 281817)
[ простий вигляд ]
| 000 -LEADER | |
|---|---|
| fixed length control field | 01206nam a22001577a 4500 |
| 041 ## - LANGUAGE CODE | |
| Language code of text/sound track or separate title | ukr |
| 080 ## - UNIVERSAL DECIMAL CLASSIFICATION NUMBER | |
| Universal Decimal Classification number | 09 |
| 090 ## - LOCALLY ASSIGNED LC-TYPE CALL NUMBER (OCLC); LOCAL CALL NUMBER (OCLC) | |
| Local cutter number (OCLC) ; Book number/undivided call number, CALL (RLIN) | РОМ |
| 100 ## - MAIN ENTRY--PERSONAL NAME | |
| Personal name | Романюк О. П. |
| 245 ## - TITLE STATEMENT | |
| Title | Концерт кохання в романі Ернеста Хемінгуея "Прощавай, зброє" |
| 260 ## - PUBLICATION, DISTRIBUTION, ETC. (IMPRINT) | |
| Place of publication, distribution, etc | Острог |
| Name of publisher, distributor, etc | КАФ |
| Date of publication, distribution, etc | 2003 |
| 300 ## - PHYSICAL DESCRIPTION | |
| Extent | 41 |
| 520 ## - SUMMARY, ETC. | |
| Summary, etc | Розділ 1. Текстові особливості художніх творів.<br/>1.1. Лексичні особливості художніх текстів.<br/>1.2. Стилістичні особливості художніх текстів.<br/>Рожділ 2. Лексико-стилістичні особливості роману Ернеста Хемінгуея "Прощавай, зброє".<br/>2.1. Емоційна концептосфера автора.<br/>2.2. Стилістичні засоби вираження концепту кохання в творі Е.Хемінгуея.<br/>2.3. Лексичні засоби вираження концепту кохання в творі Е.Хемінгуея. |
| -- | Худоджній текст, кохання, особливість. |
| 650 ## - SUBJECT ADDED ENTRY--TOPICAL TERM | |
| Topical term or geographic name as entry element | Research Papers |
| 942 ## - ADDED ENTRY ELEMENTS (KOHA) | |
| Koha item type | Книги |
| Withdrawn status | Lost status | Source of classification or shelving scheme | Damaged status | Not for loan | Home library | Current library | Date acquired | Source of acquisition | Coded location qualifier | Cost, normal purchase price | Total Checkouts | Full call number | Barcode | Date last seen | Price effective from | Koha item type |
|---|---|---|---|---|---|---|---|---|---|---|---|---|---|---|---|---|
| Universal Decimal Classification | ВІЛ - Відділ іноземн. літератури НБ | ВІЛ - Відділ іноземн. літератури НБ | 08/08/2005 | Акт 03\01 | В11 | 1.00 | 09 | 208747 | 20/12/2021 | 01/09/2003 | Книги |